000 01767cam a22004214i 4500
003 PE-LiUPU
005 20250731183334.0
008 140311s2012 sp ae g 0 1 0 spa
020 _a9788498016154
035 _a(Sirsi) i9788498016154
040 _aPE-LiUPU
_bspa
_cPE-LiUPU
_erda
049 _aPRUA
082 0 4 _a728
_bH86
100 1 _aHudson, Jennifer,
_eautor.
245 1 0 _aArquitectura del encargo a la construcción /
_cJennifer Hudson.
250 _aPrimera edición.
264 1 _aBarcelona :
_bArt Blume,
_c2012.
300 _a240 páginas :
_bilustraciones ;
_c28 centímetros
336 _atext
_2rdacontent
337 _aunmediated
_2rdamedia
338 _avolume
_2rdacarrier
505 0 _a2012 Architecten -- Agence JouinManku -- Asymptote: Hani Rashid + Lise Anne Couture -- Baumschlager Eberle -- Behnisch Architekten -- Benthem Crouwel Architekten -- David Chipperfield Architects con Julian Harrap --Duangrit Bunnag Architect Ltd.
526 _aP158
526 _aP146
526 _aP17
526 _aP12
526 _aP06
650 1 4 _aArquitectura moderna
_ySiglo XXI.
650 2 4 _aDiseño arquitectónico.
_94380
700 1 _aDiéguez Diéguez, Remedios,
_etraductor.
910 _agl20131206
942 _2ddc
_cBOOK
949 _a728 H86
_wDEWEY
_c1
_i69429
_d2016-11-16
_e2016-11-13
_lCCODEBUL1
_mBUL
_n2
_p71.00
_r0
_sY
_tBOOK
_u2015-7-6
_xINGENIERIA
_PP06
_0COMPRA
_o.STAFF. Colección General
994 _aC0
_bPEPRU
596 _a1
999 _a728 H86
_wDEWEY
_c6014
_i69429
_d6014
_e2019-2-12
_f2021-11-30
_g6
_lCCODEBUL1
_mBUL
_n5
_p71.00
_q2
_r0
_sY
_tBOOK
_u2015-7-6
_xINGENIERIA
_PP06
_0COMPRA
_o.STAFF. Colección General
980 _81
_gALBERTO SANCHEZ Responsable de Automatización